000 01323nam a22002777a 4500
005 20181115154928.0
008 170818b2017 ck aod|fr|||| 00| 0 spa d
020 _a9789585418073
020 _a9789585418080
040 _aCO-BoIAVH
_cCO-BoIAVH
041 _aspa
044 _ack
082 1 4 _a333.95316
_bC34p
245 0 0 _aPlan de acción de la estrategia nacional para la conservación de plantas de Colombia /
_ceditado por Carolina Castellanos-Castro, Carolina Sofrony Esmeral y Diego Higuera Díaz, fotografías de Carolina Castellanos, Diego Higiera y Felipe Villegas
260 _aBogotá:
_bInstituto de Investigación de Recursos Biológicos Alexander von Humboldt;
_bMinisterio de Ambiente y Desarrollo Sostenible;
_bRed Nacional de Jardines Botánicos,
_c2017.
300 _a59 páginas
_bilustraciones, tablas, gráficas
650 0 _aConservación de plantas
_xestrategias
_zColombia
650 0 _aPlantas
_xespecies
_zColombia
650 0 _aEspecies vegetales
_xconservación
_zColombia
700 1 _aCastellanos-Castro, Carolina
_eeditora
700 1 _aSofrony, Carolina
_eeditora
700 1 _aHiguera-Díaz, Diego
_eeditor
700 1 _aVillegas-Vélez, Felipe
_efotógrafo
856 _uhttp://hdl.handle.net/20.500.11761/32936
942 _2ddc
_cLIBRO
999 _c19750
_d19750